[Event "Online Olym Div2 E"]
[Site "Chess.com INT"]
[Date "2021.09.02"]
[Round "2.4"]
[White "Herrera, Marjorie"]
[Black "Miranda Llanes, Yerisbel"]
[Result "0-1"]
[WhiteElo "1848"]
[BlackElo "2259"]
[PlyCount "70"]
[EventDate "2021.09.02"]
[EventType "team (rapid)"]
[EventRounds "9"]
[EventCountry "USA"]
[SourceTitle "CBM 204 Extra"]
[Source "ChessBase"]
[SourceDate "2021.11.30"]
[SourceVersion "1"]
[SourceVersionDate "2021.11.30"]
[SourceQuality "1"]
[WhiteTeam "El Salvador"]
[BlackTeam "Cuba"]
[WhiteTeamCountry "ESA"]
[BlackTeamCountry "CUB"]

1. e4 e5 2. Nf3 Nc6 3. Bc4 Bc5 4. c3 Nf6 5. d3 d6 6. b4 Bb6 7. a4 a5 8. b5 Ne7 9. Nbd2 Ng6 10. 0-0 0-0 11. Bb3 d5 12. Re1 Ng4 13. Rf1 Be6 14. exd5 Bxd5 15. Nc4 Bxc4 16. Bxc4 e4 17. Ng5 N6e5 18. Nxe4 Nxc4 19. Qxg4 f5 20. Nf6+ Qxf6 21. Qxc4+ Kh8 22. Ba3 Rfe8 23. d4 f4 24. Qd3 c6 25. bxc6 bxc6 26. Rab1 Bc7 27. Qf3 Qe6 28. h3 Qc4 29. Rb7 Rac8 30. Qd1 Qxc3 31. Bc5 Qc4 32. Qh5 Qd5 33. Rxc7 Qxh5 34. Rxc8 Rxc8 35. Rb1 f3 0-1

[Event "Online Olym Div3 E"]
[Site "Chess.com INT"]
[Date "2020.08.09"]
[Round "8.1"]
[White "Herrera, Marjorie"]
[Black "Mencos Castillo, Maria E"]
[Result "1/2-1/2"]
[WhiteElo "1848"]
[BlackElo "1865"]
[PlyCount "159"]
[EventDate "2020.08.07"]
[EventType "team-tourn (rapid)"]
[EventRounds "9"]
[EventCountry "USA"]
[SourceTitle "CBM 198"]
[Source "ChessBase"]
[SourceDate "2020.10.31"]
[SourceVersion "1"]
[SourceVersionDate "2020.10.31"]
[SourceQuality "1"]
[WhiteTeam "El Salvador"]
[BlackTeam "Guatemala"]
[WhiteTeamCountry "ESA"]
[BlackTeamCountry "GUA"]

1. e4 e5 2. Nf3 Qe7 3. Bc4 h6 4. c3 Nf6 5. d3 d6 6. Bb3 c6 7. Nbd2 Bg4 8. h3 Be6 9. Bc2 Qc7 10. d4 Bc8 11. Nc4 Nbd7 12. 0-0 Be7 13. Ne3 g6 14. b3 Nf8 15. Nc4 N6d7 16. Ba3 c5 17. dxe5 dxe5 18. Qd5 f6 19. Rad1 Nb6 20. Nd6+ Bxd6 21. Qxd6 Qxd6 22. Rxd6 Nbd7 23. Rfd1 b6 24. Nh4 Rh7 25. Bd3 Bb7 26. Bb5 0-0-0 27. f3 a6 28. Be2 Kc7 29. b4 Ra8 30. bxc5 bxc5 31. R6d2 Rg7 32. Rd6 h5 33. Bc4 Re7 34. Kf2 Rh7 35. R1d2 Bc6 36. R6d3 Bb5 37. Bxb5 axb5 38. Bc1 Ne6 39. g3 g5 40. Nf5 Nb6 41. Ke2 Rd7 42. Rxd7+ Nxd7 43. Rd5 Rxa2+ 44. Kf1 Nb6 45. Rd1 Rc2 46. Bd2 Nc4 47. Ke2 Nd8 48. Ne7 Nxd2 49. Rxd2 Rxd2+ 50. Kxd2 Kd6 51. Nd5 Ke6 52. Nc7+ Kd7 53. Nxb5 Nc6 54. Kd3 Na5 55. Na3 Kc6 56. Nc2 c4+ 57. Kd2 Kb5 58. Ne3 Nb3+ 59. Kc2 Nc5 60. Nd5 Nd7 61. Nc7+ Ka4 62. Nd5 Ka3 63. Ne3 Nb6 64. Nd5 Nd7 65. Ne3 Nb6 66. Nf5 Ka4 67. Nd6 Ka5 68. Ne8 Nd7 69. Nd6 Nb6 70. Nf5 Kb5 71. Nd6+ Kc5 72. Nf5 Nd7 73. Ne3 Nf8 74. Kd2 Nd7 75. Nd5 Kd6 76. Ke3 Ke6 77. Nc7+ Kd6 78. Nd5 Ke6 79. Nc7+ Kd6 80. Nd5 1/2-1/2

[Event "San Jose subzonal (Women) 2.3.c"]
[Site "San Jose"]
[Date "2018.03.25"]
[Round "2"]
[White "Herrera, Marjorie"]
[Black "Hernandez, Bera"]
[Result "1-0"]
[WhiteElo "1619"]
[BlackElo "1754"]
[PlyCount "123"]
[EventDate "2018.03.25"]
[EventType "swiss"]
[EventRounds "9"]
[EventCountry "CRI"]
[SourceTitle "EXT 2019"]
[Source "ChessBase"]
[SourceDate "2018.10.10"]
[SourceVersion "1"]
[SourceVersionDate "2018.10.10"]
[SourceQuality "1"]

1. e4 e5 2. Nf3 Nc6 3. Bc4 Bc5 4. c3 Nf6 5. d3 d6 6. Nbd2 Bb6 7. Bb3 Ne7 8. Nc4 Ng6 9. Nxb6 axb6 10. 0-0 Bg4 11. h3 Be6 12. Bxe6 fxe6 13. Qb3 Qd7 14. Ng5 d5 15. Re1 0-0 16. d4 h6 17. dxe5 Nxe5 18. exd5 Nd3 19. Nxe6 Nxe1 20. Nxf8 Kxf8 21. Qd1 Re8 22. Be3 Nxg2 23. Kxg2 Nxd5 24. Qf3+ Nf6 25. Bxh6 Qf7 26. Bg5 Qg6 27. h4 Kg8 28. Kh2 Rf8 29. Bxf6 Rxf6 30. Qd5+ Kh7 31. f3 Rd6 32. Qe4 Rd2+ 33. Kh3 Rxb2 34. Qxg6+ Kxg6 35. Rg1+ Kh7 36. Rg2 Rb5 37. Rg5 Rb2 38. Rg2 Rxg2 39. Kxg2 b5 40. Kg3 Kg6 41. Kg4 c6 42. h5+ Kf6 43. Kf4 b6 44. a3 c5 45. Kg4 Ke5 46. Kg5 Kd5 47. Kg6 Kc4 48. Kxg7 Kxc3 49. h6 Kb3 50. h7 c4 51. h8Q Kxa3 52. Qb8 b4 53. Qa7+ Kb2 54. Qxb6 b3 55. Qf2+ Kc3 56. Qe3+ Kc2 57. Qe4+ Kc3 58. f4 b2 59. f5 Kb3 60. f6 c3 61. f7 c2 62. Qd3+ 1-0

[Event "Olympiad Women-42"]
[Site "Baku"]
[Date "2016.09.11"]
[Round "9.2"]
[White "Dovchin, Bolortungalag"]
[Black "Herrera, Marjorie"]
[Result "1-0"]
[WhiteElo "1544"]
[BlackElo "1738"]
[PlyCount "105"]
[EventDate "2016.09.02"]
[EventType "team-swiss"]
[EventRounds "11"]
[EventCountry "AZE"]
[SourceTitle "CBM 174 Extra"]
[Source "ChessBase"]
[SourceDate "2016.10.10"]
[SourceVersion "1"]
[SourceVersionDate "2016.10.10"]
[SourceQuality "1"]
[WhiteTeam "South Korea (W)"]
[BlackTeam "El Salvador (W)"]
[WhiteTeamCountry "KOR"]
[BlackTeamCountry "ESA"]

1. e4 e5 2. Nf3 Nc6 3. Bb5 a6 4. Ba4 Nf6 5. 0-0 b5 6. Bb3 Bc5 7. c3 d6 8. d4 Bb6 9. dxe5 Nxe5 10. Nxe5 dxe5 11. Qxd8+ Kxd8 12. Bg5 Ke8 13. Nd2 Bb7 14. Bc2 h6 15. Bh4 Nh5 16. g4 g5 17. Bg3 Nxg3 18. hxg3 h5 19. gxh5 Rd8 20. Rad1 Rxh5 21. Kg2 f5 22. f3 f4 23. g4 Rh6 24. Rh1 Rxh1 25. Kxh1 Be3 26. Nf1 Rxd1 27. Bxd1 Bc1 28. b3 Kd7 29. Be2 Kd6 30. Kg2 Kc5 31. Kf2 b4 32. cxb4+ Kxb4 33. Ke1 Ka3 34. Kd1 Bb2 35. Kc2 Kxa2 36. Nd2 a5 37. Bb5 Bd4 38. Nc4 c6 39. Nxa5 cxb5 40. Nxb7 Bb6 41. Nd6 b4 42. Nf7 Bc7 43. Nxg5 Bd8 44. Nf7 Bf6 45. Nd6 Be7 46. Nc4 Bf6 47. Na5 Bd8 48. Nc6 Bf6 49. Nxb4+ Ka3 50. Nd5 Bg7 51. g5 Bh8 52. g6 Bg7 53. Nc7 1-0

[Event "Pan American-ch U20 Girls"]
[Site "San Salvador"]
[Date "2015.07.17"]
[Round "3"]
[White "Herrera, Marjorie"]
[Black "Castro, Venus Sabrina"]
[Result "1/2-1/2"]
[WhiteElo "1555"]
[BlackElo "1556"]
[PlyCount "87"]
[EventDate "2015.07.16"]
[EventType "tourn"]
[EventRounds "9"]
[EventCountry "ESA"]
[SourceTitle "EXT 2016"]
[Source "ChessBase"]
[SourceDate "2015.10.08"]
[SourceVersion "1"]
[SourceVersionDate "2015.10.08"]
[SourceQuality "1"]

1. e4 c5 2. Nc3 d6 3. g3 g6 4. Bg2 Bg7 5. f4 e6 6. Nf3 Ne7 7. 0-0 0-0 8. d3 Nbc6 9. g4 f5 10. g5 Rb8 11. Be3 b5 12. Rb1 b4 13. Ne2 a5 14. c3 Ba6 15. Rc1 Qd7 16. Rf2 Rfc8 17. Ng3 e5 18. fxe5 Nxe5 19. Nxe5 dxe5 20. Rd2 f4 21. Bf2 fxg3 22. Bxg3 Rb6 23. Bf3 Rd8 24. Bg4 Qb7 25. Qb3+ Kh8 26. Rf2 Rc6 27. Be6 Qb6 28. Bc4 Bxc4 29. Qxc4 Rcd6 30. Rf7 Nc6 31. Rcf1 bxc3 32. bxc3 R6d7 33. Qe6 Rxf7 34. Rxf7 c4+ 35. Kg2 cxd3 36. Rxg7 Qb2+ 37. Kh3 Kxg7 38. Bxe5+ Nxe5 39. Qxe5+ Kf7 40. Qf6+ Ke8 41. Qe6+ Kf8 42. Qf6+ Ke8 43. Qe6+ Kf8 44. Qf6+ 1/2-1/2

[Event "Pan American-ch U20 Girls"]
[Site "San Salvador"]
[Date "2015.07.17"]
[Round "2"]
[White "Ortez, Andrea"]
[Black "Herrera, Marjorie"]
[Result "1/2-1/2"]
[WhiteElo "1671"]
[BlackElo "1555"]
[PlyCount "55"]
[EventDate "2015.07.16"]
[EventType "tourn"]
[EventRounds "9"]
[EventCountry "ESA"]
[SourceTitle "EXT 2016"]
[Source "ChessBase"]
[SourceDate "2015.10.08"]
[SourceVersion "1"]
[SourceVersionDate "2015.10.08"]
[SourceQuality "1"]

1. e4 e5 2. Nf3 Nc6 3. Bc4 Bc5 4. c3 Nf6 5. Qe2 0-0 6. Bb3 d5 7. d3 h6 8. h3 a6 9. Nbd2 b5 10. Bc2 b4 11. 0-0 Nh5 12. exd5 Ng3 13. Qe1 Nxf1 14. Nxf1 Qxd5 15. Ne3 Qd8 16. Nc4 Re8 17. Qe4 Bd7 18. Bd2 Re6 19. Re1 Rg6 20. Ncxe5 Nxe5 21. Nxe5 Rf6 22. d4 Bf5 23. Qe3 Bxc2 24. dxc5 b3 25. axb3 Bxb3 26. c4 Bc2 27. Bc3 Re6 28. Qe2 1/2-1/2